000 00664nam a2200289Ia 4500
005 20260324114926.0
008 008 260324s9999 xx 000 0 eng d
020 _a9781003127734
037 _aEBOOK
040 _aCRL
040 _beng
040 _cCRL
041 _2eng
041 _aeng
084 _qCRL
100 _aFrank R. Spellman
_91139307
245 0 _aSurviving an OSHA Audit
245 2 _bA Management Guide
260 _bTaylor and Francis
260 _c2020
365 _a
365 _b195
856 _uhttp://www.taylorfrancis.com/books/9781003127734
942 _cEBOOK
999 _c1743176
_d1743176